| 000 | 00531nam a2200181 4500 | ||
|---|---|---|---|
| 001 | 144086 | ||
| 003 | ES-MaACL | ||
| 005 | 20230906200936.0 | ||
| 007 | t| | ||
| 008 | 070214s1967 sp r ||||1| spa d | ||
| 100 | 1 |
_aSimonon, Konstantin. _9106582 |
|
| 245 | 1 | 0 |
_aNo se nace soldado / _cKonstantin Simonon ; [traducido por Angel C. Tomás]. |
| 250 | _a1ª ed. | ||
| 260 |
_aBarcelona : _bDestino, _c1967 ( _fAriel) |
||
| 300 |
_a662 p. ; _c19 cm. |
||
| 700 | 1 |
_aTomás, Angel C. _9110498 |
|
| 852 |
_aES-MaACL _jC-32907 _bR.63664 |
||
| 999 |
_c144086 _d144086 |
||